Top 25 Alberta Municipalities By Population (2021) - Statistics

General Stats
  • This quiz has been taken 29 times
    18 since last reset
  • The average score is 15 of 25
Answer Stats
Status Population Answer % Correct
City 1,306,784 Calgary
100%
City 1,010,899 Edmonton
100%
City 63,271 Medicine Hat
100%
City 98,406 Lethbridge
93%
City 100,844 Red Deer
93%
City 74,100 Airdrie
73%
City 19,739 Lloydminster
73%
Town 15,990 Canmore
67%
City 64,141 Grande Prairie
67%
Town 30,405 Okotoks
67%
City 68,232 St. Albert
67%
City 18,772 Camrose
60%
City 27,088 Fort Saskatchewan
60%
City 22,163 Chestermere
53%
City 37,645 Spruce Grove
53%
City 20,888 Beaumont
47%
City 14,924 Brooks
47%
Town 32,199 Cochrane
47%
Town 14,324 High River
47%
City 34,094 Leduc
47%
Town 17,993 Stony Plain
47%
City 13,396 Lacombe
40%
Town 14,339 Strathmore
33%
City 15,661 Cold Lake
20%
Town 15,995 Sylvan Lake
20%
No matching quizzes found
Score Distribution
Percent of People with Each Score
Percentile by Number Answered
Your Score History
You have not taken this quiz since the last reset